Second Course in Electronic Warfare (Record no. 248285)
[ view plain ]
| 000 -LEADER | |
|---|---|
| fixed length control field | 00278 a2200109 4500 |
| 001 - CONTROL NUMBER | |
| control field | 13212 |
| 082 ## - DEWEY DECIMAL CLASSIFICATION NUMBER | |
| Classification number | 623.043 ADA |
| 090 ## - LOCALLY ASSIGNED LC-TYPE CALL NUMBER (OCLC); LOCAL CALL NUMBER (RLIN) | |
| -- | 10211 |
| -- | 10211 |
| 100 ## - MAIN ENTRY--PERSONAL NAME | |
| Personal name | Adamy,D.L |
| 245 ## - TITLE STATEMENT | |
| Title | Second Course in Electronic Warfare |
| Remainder of title | EW 102 A |
| 260 ## - PUBLICATION, DISTRIBUTION, ETC. | |
| Place of publication, distribution, etc. | London |
| Name of publisher, distributor, etc. | Artech House, London |
| Date of publication, distribution, etc. | 2004 |
| 942 ## - ADDED ENTRY ELEMENTS (KOHA) | |
| Institution code [OBSOLETE] | NUST-CAE |
| Call number prefix | 623.043 ADA |
| Withdrawn status | Lost status | Damaged status | Not for loan | Collection code | Permanent Location | Current Location | Date acquired | Total Checkouts | Full call number | Barcode | Date last seen | Price effective from | Koha item type |
|---|---|---|---|---|---|---|---|---|---|---|---|---|---|
| College of Aeronautical Engineering (CAE) | College of Aeronautical Engineering (CAE) | 04/03/2017 | 623.043 ADA | CAEN-3244 | 04/05/2017 | 04/05/2017 | Book |
